| 000 | 00647nam a2200241Ia 4500 | ||
|---|---|---|---|
| 003 | OSt | ||
| 005 | 20230516095540.0 | ||
| 008 | 210423s2012 xx 000 0 und d | ||
| 020 | _a9788132106487 | ||
| 040 | _cAL | ||
| 041 | _aeng | ||
| 082 |
_a001.42 KUMR _223 |
||
| 100 |
_aKUMAR (Ranjit) _9104668 |
||
| 245 | _aResearch methodology: a step by step guide for beginners | ||
| 250 | _a3 | ||
| 260 |
_aNew Delhi _bSage Publications _c2012 |
||
| 300 |
_axxi,415 _bPB |
||
| 365 |
_b495 _cINR |
||
| 650 |
_aGeneral _9104669 |
||
| 650 |
_aResearch _9104670 |
||
| 906 | _abeginners. ; guide ; methodology: ; Research ; step | ||
| 942 |
_2ddc _cBK |
||
| 999 |
_c164765 _d164765 |
||